<?xml version="1.0" encoding="UTF-8"?>
<record
    xmlns:xsi="http://www.w3.org/2001/XMLSchema-instance"
    xsi:schemaLocation="http://www.loc.gov/MARC21/slim http://www.loc.gov/standards/marcxml/schema/MARC21slim.xsd"
    xmlns="http://www.loc.gov/MARC21/slim">

  <leader>01261nam0a2200313   4500</leader>
  <controlfield tag="001">RU\NLR\bibl\1724448</controlfield>
  <controlfield tag="005">20260405234641.0</controlfield>
  <datafield tag="010" ind1=" " ind2=" ">
    <subfield code="a">978-5-903514-02-1</subfield>
    <subfield code="9">3000</subfield>
  </datafield>
  <datafield tag="021" ind1=" " ind2=" ">
    <subfield code="a">RU</subfield>
    <subfield code="b">2010-99198</subfield>
    <subfield code="9">6699</subfield>
  </datafield>
  <datafield tag="035" ind1=" " ind2=" ">
    <subfield code="a">(NLR Aleph) 001715424</subfield>
  </datafield>
  <datafield tag="090" ind1=" " ind2=" ">
    <subfield code="a">1306353</subfield>
    <subfield code="c">1306353</subfield>
  </datafield>
  <datafield tag="100" ind1=" " ind2=" ">
    <subfield code="a">20110119d2010    |||y0rusy50      ca</subfield>
  </datafield>
  <datafield tag="101" ind1="0" ind2=" ">
    <subfield code="a">rus</subfield>
  </datafield>
  <datafield tag="102" ind1=" " ind2=" ">
    <subfield code="a">RU</subfield>
  </datafield>
  <datafield tag="105" ind1=" " ind2=" ">
    <subfield code="a">a   |||||||||</subfield>
  </datafield>
  <datafield tag="200" ind1="1" ind2=" ">
    <subfield code="a">&#x414;&#x43D;&#x435;&#x432;&#x43D;&#x438;&#x43A; &#x444;&#x430;&#x448;&#x438;&#x441;&#x442;&#x430;, 1939-1943</subfield>
    <subfield code="f">&#x413;&#x430;&#x43B;&#x435;&#x430;&#x446;&#x446;&#x43E; &#x427;&#x438;&#x430;&#x43D;&#x43E;</subfield>
    <subfield code="g">[&#x432;&#x441;&#x442;&#x443;&#x43F;. &#x441;&#x442;., &#x443;&#x43A;&#x430;&#x437;. &#x415;&#x444;&#x438;&#x43C;&#x43E;&#x432; &#x410;.&#x412;., &#x421;&#x430;&#x433;&#x430;&#x43D;&#x44C; &#x410;.&#x42E;.]</subfield>
  </datafield>
  <datafield tag="210" ind1=" " ind2=" ">
    <subfield code="a">&#x41C;&#x43E;&#x441;&#x43A;&#x432;&#x430;</subfield>
    <subfield code="c">&#x41F;&#x43B;&#x430;&#x446;&#x44A;</subfield>
    <subfield code="d">2010</subfield>
  </datafield>
  <datafield tag="215" ind1=" " ind2=" ">
    <subfield code="a">671 &#x441;.</subfield>
    <subfield code="c">&#x438;&#x43B;.</subfield>
    <subfield code="d">21</subfield>
  </datafield>
  <datafield tag="225" ind1="1" ind2=" ">
    <subfield code="a">&#x41F;&#x435;&#x440;&#x432;&#x43E;&#x438;&#x441;&#x442;&#x43E;&#x447;&#x43D;&#x438;&#x43A;&#x438; &#x43D;&#x43E;&#x432;&#x435;&#x439;&#x448;&#x435;&#x439; &#x438;&#x441;&#x442;&#x43E;&#x440;&#x438;&#x438;</subfield>
  </datafield>
  <datafield tag="300" ind1=" " ind2=" ">
    <subfield code="a">&#x41D;&#x430; 9-&#x439; &#x441;. &#x430;&#x432;&#x442;.: &#x433;&#x440;&#x430;&#x444; &#x413;&#x430;&#x43B;&#x435;&#x430;&#x446;&#x446;&#x43E; &#x434;&#x438; &#x41A;&#x430;&#x440;&#x442;&#x435;&#x43B;&#x430;&#x446;&#x446;&#x43E; &#x427;&#x438;&#x430;&#x43D;&#x43E;</subfield>
  </datafield>
  <datafield tag="320" ind1=" " ind2=" ">
    <subfield code="a">&#x418;&#x43C;&#x435;&#x43D;. &#x443;&#x43A;&#x430;&#x437;.: &#x441;. 650-670</subfield>
  </datafield>
  <datafield tag="606" ind1="1" ind2=" ">
    <subfield code="a">&#x424;&#x430;&#x448;&#x438;&#x437;&#x43C;</subfield>
    <subfield code="j">&#x412;&#x43E;&#x441;&#x43F;&#x43E;&#x43C;&#x438;&#x43D;&#x430;&#x43D;&#x438;&#x44F;, &#x437;&#x430;&#x43F;&#x438;&#x441;&#x43A;&#x438; &#x438; &#x442;.&#x43F;.</subfield>
    <subfield code="x">&#x418;&#x441;&#x442;&#x43E;&#x440;&#x438;&#x44F;</subfield>
    <subfield code="y">&#x418;&#x442;&#x430;&#x43B;&#x438;&#x44F;</subfield>
    <subfield code="9">1874988</subfield>
    <subfield code="3">RU\NLR\auth\661142313</subfield>
  </datafield>
  <datafield tag="686" ind1=" " ind2=" ">
    <subfield code="a">&#x422;3(4&#x418;&#x442;)63,013</subfield>
  </datafield>
  <datafield tag="700" ind1=" " ind2="1">
    <subfield code="4">070</subfield>
    <subfield code="8">rus</subfield>
    <subfield code="7">ca</subfield>
    <subfield code="a">&#x427;&#x438;&#x430;&#x43D;&#x43E;</subfield>
    <subfield code="b">&#x413;&#x430;&#x43B;&#x435;&#x430;&#x446;&#x446;&#x43E;</subfield>
    <subfield code="f">1903-1944</subfield>
    <subfield code="g">&#x413;&#x430;&#x43B;&#x435;&#x430;&#x446;&#x446;&#x43E;</subfield>
    <subfield code="3">RU\NLR\auth\77108292</subfield>
    <subfield code="9">91217</subfield>
  </datafield>
  <datafield tag="801" ind1=" " ind2="0">
    <subfield code="a">RU</subfield>
    <subfield code="b">NLR</subfield>
    <subfield code="c">20110119</subfield>
    <subfield code="g">RCR</subfield>
  </datafield>
  <datafield tag="801" ind1=" " ind2="1">
    <subfield code="a">RU</subfield>
    <subfield code="b">NLR</subfield>
    <subfield code="c">20110119</subfield>
  </datafield>
  <datafield tag="942" ind1=" " ind2=" ">
    <subfield code="c">BOOK</subfield>
  </datafield>
  <datafield tag="980" ind1=" " ind2=" ">
    <subfield code="a">NB</subfield>
  </datafield>
  <datafield tag="995" ind1=" " ind2=" ">
    <subfield code="5">2011-01-19</subfield>
    <subfield code="a">ad</subfield>
    <subfield code="b">NLR01</subfield>
    <subfield code="c">NLR01</subfield>
    <subfield code="e">RF8</subfield>
    <subfield code="f">1-1158152</subfield>
    <subfield code="k">2011-3/1241</subfield>
    <subfield code="o">0</subfield>
    <subfield code="r">BOOK</subfield>
    <subfield code="s">201131241_</subfield>
  </datafield>
  <datafield tag="995" ind1=" " ind2=" ">
    <subfield code="5">2011-01-19</subfield>
    <subfield code="a">ad</subfield>
    <subfield code="b">NLR01</subfield>
    <subfield code="c">NLR01</subfield>
    <subfield code="e">RF8</subfield>
    <subfield code="f">3336290</subfield>
    <subfield code="k">2011-3/1241</subfield>
    <subfield code="o">0</subfield>
    <subfield code="r">BOOK</subfield>
    <subfield code="s">201131241_</subfield>
  </datafield>
</record>
